DOCTRINE OF ULTRA VIRES (Record no. 34027)

MARC details
000 -LEADER
fixed length control field 00236nam a22001217a 4500
003 - CONTROL NUMBER IDENTIFIER
control field SGT
082 ## - DEWEY DECIMAL CLASSIFICATION NUMBER
Classification number 340
Item number DAS
100 ## - MAIN ENTRY--PERSONAL NAME
Personal name DAS KUMARI KAKALI
245 ## - TITLE STATEMENT
Title DOCTRINE OF ULTRA VIRES
260 ## - PUBLICATION, DISTRIBUTION, ETC. (IMPRINT)
Year of Publication 2019
300 ## - PAGE DESCRIPTION
No. of Pages 56
942 ## - ADDED ENTRY ELEMENTS (KOHA)
Source of classification or shelving scheme Dewey Decimal Classification
Koha item type Thesis/Dissertation
Holdings
Withdrawn status Lost status Source of classification or shelving scheme Damaged status Not for loan Collection code Home library Current library Date acquired SGTU Total Checkouts Full call number Accession No. (Barcode) Date last seen Bill Date Koha item type
    Dewey Decimal Classification   Not For Loan LAW SGT Science & Social Sciences Library SGT Science & Social Sciences Library 06/02/2026 SGTU   340 DAS DT2548 06/02/2026 06/02/2026 Thesis/Dissertation